Účtovná závierka v podvojnom účtovníctve

Účtovná závierka 1996. Prehľad všeobecne záväzných právnych noriem. Harmonogram prác a úloh pred uzatvorením účtovných kníh. Kontrola otvorenia účtovných kníh. Účtovné triedy. Uzatváranie a otváranie účtovných kníh. Zostavenie účtovnej závierky.

Salvato in:
Dettagli Bibliografici
Autore principale: Kardoš, Štefan
Altri autori: Pastierik, Vladimír
Natura: Capitolo di libro
Lingua:slovacco
Soggetti:
Tags: Aggiungi Tag
Nessun Tag, puoi essere il primo ad aggiungerne!!

MARC

LEADER 00000naa a2200000 4500
001 r026256
005 20230919070822.4
041 0 |a slo 
044 |a SK 
245 1 0 |a Účtovná závierka v podvojnom účtovníctve  |c Š. Kardoš, Vladimír Pastierik 
520 |a Účtovná závierka 1996. Prehľad všeobecne záväzných právnych noriem. Harmonogram prác a úloh pred uzatvorením účtovných kníh. Kontrola otvorenia účtovných kníh. Účtovné triedy. Uzatváranie a otváranie účtovných kníh. Zostavenie účtovnej závierky. 
610 2 0 |a závierka účtovná 
610 2 0 |a 1996 
610 2 0 |a účtovníctvo podvojné 
610 2 0 |a metodika 
610 2 0 |a predpisy právne 
610 2 0 |a knihy účtovné 
610 2 0 |a triedy účtové 
610 2 0 |a účtovanie 
100 1 |a Kardoš, Štefan 
700 1 |a Pastierik, Vladimír